[Event "Sunnyvale 1000 GM 07"]
[Site "Sunnyvale"]
[Date "2023.08.01"]
[Round "8"]
[White "Rajaram, Anika"]
[Black "Maass Garza, Gustavo"]
[Result "1-0"]
[WhiteElo "1660"]
[BlackElo "2244"]
[PlyCount "47"]
[EventDate "2023.07.28"]
[EventType "schev"]
[EventRounds "9"]
[EventCountry "USA"]
[SourceTitle "EXT 2024"]
[Source "ChessBase"]
[SourceDate "2023.10.10"]
[SourceVersion "1"]
[SourceVersionDate "2023.10.10"]
[SourceQuality "1"]

1. e4 c5 2. Nf3 d6 3. d4 cxd4 4. Nxd4 Nf6 5. Nc3 a6 6. Be3 e5 7. Nb3 Be7 8. f3 0-0 9. Qd2 b5 10. 0-0-0 Bb7 11. g4 Nbd7 12. h4 Nc5 13. h5 Ne6 14. g5 Ne8 15. Rg1 f5 16. exf5 Nd4 17. Bxd4 Rxf5 18. Be3 Nc7 19. Bd3 Rxf3 20. g6 Ne6 21. gxh7+ Kh8 22. h6 d5 23. hxg7+ Nxg7 24. Rxg7 1-0

[Event "Sunnyvale 1000 GM 07"]
[Site "Sunnyvale"]
[Date "2023.07.30"]
[Round "5"]
[White "Yu, Jiangwei"]
[Black "Maass Garza, Gustavo"]
[Result "1-0"]
[WhiteElo "2261"]
[BlackElo "2244"]
[PlyCount "75"]
[EventDate "2023.07.28"]
[EventType "schev"]
[EventRounds "9"]
[EventCountry "USA"]
[SourceTitle "CBM 215 Extra"]
[Source "ChessBase"]
[SourceDate "2023.09.30"]
[SourceVersion "1"]
[SourceVersionDate "2023.09.30"]
[SourceQuality "1"]

1. d4 e6 2. c4 Nf6 3. Nc3 d5 4. cxd5 exd5 5. Bg5 Be7 6. e3 0-0 7. Bd3 c6 8. Nge2 Bg4 9. f3 Bh5 10. Nf4 Bg6 11. Nxg6 hxg6 12. Qd2 b5 13. Bh4 Nbd7 14. 0-0 b4 15. Ne2 c5 16. Rac1 c4 17. Bb1 Nb6 18. Bg3 a5 19. e4 a4 20. e5 Nh7 21. Rce1 Ng5 22. Nf4 Ne6 23. Nxe6 fxe6 24. Bxg6 Bg5 25. f4 Bh6 26. Qxb4 a3 27. Bb1 axb2 28. Qxb2 Na4 29. Qc2 Qb6 30. Qh7+ Kf7 31. Qg6+ Ke7 32. f5 exf5 33. Bh4+ Kd7 34. Bxf5+ Kc7 35. Qg4 g5 36. Bg3 Rae8 37. e6+ Kc6 38. e7 1-0

[Event "Sunnyvale 1000 GM 07"]
[Site "Sunnyvale"]
[Date "2023.07.29"]
[Round "2"]
[White "Maass Garza, Gustavo"]
[Black "Nathan, Nitish"]
[Result "0-1"]
[WhiteElo "2244"]
[BlackElo "2179"]
[PlyCount "68"]
[EventDate "2023.07.28"]
[EventType "schev"]
[EventRounds "9"]
[EventCountry "USA"]
[SourceTitle "CBM 215 Extra"]
[Source "ChessBase"]
[SourceDate "2023.09.30"]
[SourceVersion "1"]
[SourceVersionDate "2023.09.30"]
[SourceQuality "1"]

1. e4 c5 2. Nf3 Nc6 3. Nc3 e5 4. Bc4 Be7 5. 0-0 d6 6. Nd5 Nf6 7. d3 Nxd5 8. Bxd5 0-0 9. h3 Kh8 10. c3 f5 11. exf5 Bxf5 12. Nh2 Qe8 13. Be4 Qg6 14. Bxf5 Rxf5 15. Ng4 Raf8 16. Ne3 R5f7 17. Qe2 Bh4 18. f3 Qe6 19. Bd2 d5 20. Be1 Bg5 21. Bg3 Bf4 22. Bh2 Nd4 23. cxd4 Bxh2+ 24. Kxh2 exd4 25. Rfe1 Re8 26. Qc2 Qd6+ 27. Kg1 dxe3 28. Re2 d4 29. Rc1 b6 30. Qc4 Ref8 31. Rf1 g5 32. Qc2 h5 33. Ree1 Qg3 34. Qe2 g4 0-1

[Event "Milpitas"]
[Site "Milpitas"]
[Date "2023.07.16"]
[Round "5"]
[White "Mei, Austin"]
[Black "Maass Garza, Gustavo"]
[Result "1-0"]
[WhiteElo "2274"]
[BlackElo "2244"]
[PlyCount "51"]
[EventDate "2023.07.14"]
[EventType "schev"]
[EventRounds "9"]
[EventCountry "USA"]
[SourceTitle "EXT 2024"]
[Source "ChessBase"]
[SourceDate "2023.10.10"]
[SourceVersion "1"]
[SourceVersionDate "2023.10.10"]
[SourceQuality "1"]

1. e4 c5 2. Nf3 d6 3. d4 cxd4 4. Nxd4 Nf6 5. Nc3 a6 6. Be3 g6 7. f3 Bg7 8. Qd2 0-0 9. 0-0-0 Nc6 10. g4 Nxd4 11. Bxd4 b5 12. h4 Bb7 13. h5 e5 14. Be3 b4 15. Na4 d5 16. hxg6 fxg6 17. Nc5 d4 18. Bc4+ Kh8 19. Ne6 Qc8 20. Bh6 Qxc4 21. Bxg7+ Kg8 22. Nxf8 Kxg7 23. Qh6+ Kf7 24. Nxh7 Ng8 25. Ng5+ Kf6 26. Qh7 1-0

[Event "Milpitas"]
[Site "Milpitas"]
[Date "2023.07.15"]
[Round "2"]
[White "Maass Garza, Gustavo"]
[Black "Sivakumar, Shaaketh"]
[Result "0-1"]
[WhiteElo "2244"]
[BlackElo "2337"]
[PlyCount "48"]
[EventDate "2023.07.14"]
[EventType "schev"]
[EventRounds "9"]
[EventCountry "USA"]
[SourceTitle "EXT 2024"]
[Source "ChessBase"]
[SourceDate "2023.10.10"]
[SourceVersion "1"]
[SourceVersionDate "2023.10.10"]
[SourceQuality "1"]

1. d4 e6 2. Nf3 f5 3. g3 Nf6 4. Bg2 d5 5. 0-0 Bd6 6. c4 c6 7. c5 Bc7 8. Bg5 Nbd7 9. Nc3 0-0 10. e3 Qe7 11. Bf4 e5 12. dxe5 Ne4 13. Nxe4 fxe4 14. Nd4 Nxc5 15. e6 Nxe6 16. Nxe6 Bxe6 17. Bxc7 Qxc7 18. Rc1 Rf6 19. Qd4 Qf7 20. Rc5 Rf8 21. Rc2 a6 22. Qe5 Qd7 23. Rd1 Bg4 24. Rd4 Re8 0-1

[Event "Las Vegas National op"]
[Site "Las Vegas"]
[Date "1994.??.??"]
[Round "?"]
[White "Maass Garza, Gustavo"]
[Black "Pilnick, Carl"]
[Result "1-0"]
[WhiteElo "2275"]
[BlackElo "2185"]
[PlyCount "99"]
[EventDate "1994.??.??"]
[EventType "swiss"]
[EventRounds "6"]
[EventCountry "USA"]
[SourceTitle "EXT 1997"]
[Source "ChessBase"]
[SourceDate "1996.11.15"]
[SourceVersion "1"]
[SourceVersionDate "1996.11.15"]
[SourceQuality "1"]

1. d4 d5 2. Nf3 e6 3. g3 Bd6 4. Bg2 Ne7 5. 0-0 0-0 6. c4 c6 7. Nc3 f5 8. Qc2 Nd7 9. Rb1 Nf6 10. b4 Bd7 11. c5 Bc7 12. b5 Ng6 13. a4 Ne4 14. Ne1 Nxc3 15. Qxc3 e5 16. dxe5 Bxe5 17. Qb3 Qe8 18. Nd3 Bf6 19. Re1 Kh8 20. h4 Rd8 21. h5 Ne5 22. h6 Nxd3 23. hxg7+ Bxg7 24. Qxd3 Qe7 25. Qa3 Be8 26. Bf4 Rf7 27. Bf3 Be5 28. e3 Rg7 29. Qd3 Qf6 30. Kg2 Bg6 31. bxc6 bxc6 32. a5 Bxf4 33. exf4 h5 34. Rh1 Rh7 35. a6 Qe7 36. Qd4+ Qg7 37. Qxg7+ Rxg7 38. Bxh5 Bxh5 39. Rxh5+ Kg8 40. Rxf5 d4 41. Kf3 d3 42. Rg5 Rxg5 43. fxg5 d2 44. Ke2 Rd5 45. f4 Kg7 46. Rd1 Rxc5 47. Rxd2 Kg6 48. Kf3 Kf5 49. g4+ Ke6 50. f5+ 1-0